Proceedings of the Symposium on Nonlinear circuit analysis : New York, April 23, 24, 1953 /

Guardado en:
Autor Corporativo: Symposium on Nonlinear circuit analysis New York)
Otros Autores: Fox, Jerome. (Editor )
Formato: Libro
Idioma:English
Publicado: Brooklyn : Polytechnic Institute of Brooklyn, 1953.
Series:Microwave Research Institute Symposia Series ; v. 2
Etiquetas: Agregar Etiqueta
Sin Etiquetas, Sea el primero en etiquetar este registro!
LEADER 00948nam a22001695a 4500
001 MAT.inmabb000883
008 031119s1953####nyu###########001#0#eng#d
005 20170807124453.0
245 1 0 |a Proceedings of the Symposium on Nonlinear circuit analysis :  |b New York, April 23, 24, 1953 /  |c [edited by Jerome Fox]. 
260 |a Brooklyn :  |b Polytechnic Institute of Brooklyn,  |c 1953. 
300 |a xi, 411 p. ;  |c 23 cm. 
440 0 |a Microwave Research Institute Symposia Series ;  |v v. 2 
500 |a Sponsored by Polytechnic Institute of Brooklyn, Microwave Research Institute ; in cooperation with The Institute of Radio Engineers, Professional Group on Circuit Theory ; co-sponsored by The Office of Naval Research, The Office of Scientific Research, The Signal Corps. 
111 2 |a Symposium on Nonlinear circuit analysis  |d (1953 :  |c New York) 
700 1 |a Fox, Jerome.  |4 edt 
084 |a 00B25  |a 93-XX  |a 94-XX  |2 msc2000 
859 |h 00B25  |i Sy989m-1953  |p A-717  |b BIB. MATEMATICA